[Event "Madrid ch Veteranos 2015-2016"]
[Site "Madrid ESP"]
[Date "2016.01.20"]
[Round "8.1"]
[White "Nuñez Muñoz, Jesus"]
[Black "Elissalt Cardenas, Hector"]
[Result "0-1"]
[WhiteElo "2222"]
[BlackElo "2358"]
[PlyCount "168"]
[EventDate "2016.01.11"]
[EventType "swiss"]
[EventRounds "9"]
[EventCountry "ESP"]
[Source "lmi"]
[SourceDate "2016.01.11"]

1. e4 e5 2. Nf3 Nc6 3. Bb5 a6 4. Ba4 Nf6 5. O-O b5 6. Bb3 Bb7 7. d3 h6 8. c3 d6
9. Re1 Be7 10. Nbd2 Nh7 11. Nf1 Ng5 12. Ng3 Na5 13. Bc2 g6 14. b4 Nc6 15. a4
Nxf3+ 16. Qxf3 Bg5 17. Bb3 O-O 18. Bb2 Ne7 19. d4 bxa4 20. Rxa4 exd4 21. cxd4
d5 22. e5 Bc6 23. Ra2 Bb5 24. Bc1 Nc6 25. Bxg5 Qxg5 26. Bxd5 Nxb4 27. Bxa8 Nxa2
28. Ne4 Qd8 29. Nf6+ Kg7 30. Bd5 Nb4 31. Rc1 c6 32. Bb3 c5 33. Ne4 cxd4 34. Nd6
Nd3 35. Rc8 Nxe5 36. Qd5 Qe7 37. Qxd4 Rxc8 38. Nxc8 Qf6 39. Qd6 Nc4 40. Qd1 Qc3
41. Bxc4 Bxc4 42. Nd6 Bb3 43. Qf1 a5 44. h3 a4 45. Qa6 Qe1+ 46. Kh2 Qxf2 47.
Ne8+ Kf8 48. Qc8 Qf4+ 49. Kh1 Qf1+ 50. Kh2 Qf4+ 51. Kh1 Ke7 52. Nc7 Qf1+ 53.
Kh2 Qc4 54. Qe8+ Kd6 55. Nb5+ Kc5 56. Na3 Qf4+ 57. Kh1 Qd6 58. Qb5+ Kd4 59. Nb1
Qc5 60. Qd7+ Ke5 61. Nd2 Bd5 62. Qe8+ Kf6 63. Qh8+ Ke7 64. Qxh6 Qc1+ 65. Kh2
Qc7+ 66. Kh1 Qe5 67. Qh4+ g5 68. Qb4+ Kf6 69. Nb1 Qe4 70. Qb2+ Kg6 71. Nc3 Qe1+
72. Kh2 Bb3 73. Nb1 Kf5 74. Nc3 Kg6 75. Nb1 Qe6 76. Na3 f6 77. Qc1 Qd6+ 78. Kh1
Qd1+ 79. Qxd1 Bxd1 80. Kg1 Kf5 81. Kf2 Ke4 82. Ke1 Bb3 83. Kd2 Kf4 84. Ke2 Kg3
0-1

[Event "Madrid ch Veteranos 2015-2016"]
[Site "Madrid ESP"]
[Date "2016.01.20"]
[Round "8.2"]
[White "Casares Ripoll, Fernando"]
[Black "Lopez De Turiso, Jose Angel"]
[Result "1-0"]
[WhiteElo "2133"]
[BlackElo "2083"]
[PlyCount "41"]
[EventDate "2016.01.11"]
[EventType "swiss"]
[EventRounds "9"]
[EventCountry "ESP"]
[Source "lmi"]
[SourceDate "2016.01.11"]

1. d4 f5 2. e4 fxe4 3. Nc3 Nf6 4. Bg5 Nc6 5. d5 Ne5 6. Qd4 Nf7 7. Bxf6 gxf6 8.
Qxe4 c6 9. O-O-O Bh6+ 10. Kb1 Qb6 11. d6 e6 12. Nh3 a5 13. Qh4 O-O 14. Rd3 Bg7
15. Ne4 Qd8 16. Rg3 Ne5 17. Nf4 b6 18. Bd3 Ba6 19. Nxf6+ Qxf6 20. Bxh7+ Kf7 21.
Qh5+ 1-0

[Event "Madrid ch Veteranos 2015-2016"]
[Site "Madrid ESP"]
[Date "2016.01.20"]
[Round "8.3"]
[White "Cabañas Bravo, Juan Andres"]
[Black "Pastor Alonso de Prado, Alberto Emilio"]
[Result "0-1"]
[WhiteElo "1957"]
[BlackElo "2115"]
[PlyCount "78"]
[EventDate "2016.01.11"]
[EventType "swiss"]
[EventRounds "9"]
[EventCountry "ESP"]
[Source "lmi"]
[SourceDate "2016.01.11"]

1. e4 e6 2. d4 d5 3. Nc3 dxe4 4. Nxe4 Bd7 5. Nf3 Bc6 6. Bd3 Nd7 7. O-O Ngf6 8.
Ng3 Be7 9. c4 Bxf3 10. Qxf3 c6 11. Re1 O-O 12. b3 Qa5 13. Re2 Rfe8 14. a3 Bf8
15. Bb2 Qg5 16. Rae1 g6 17. Bc1 Qh4 18. d5 cxd5 19. cxd5 Nxd5 20. Bb5 Red8 21.
Ne4 Ne5 22. Qg3 Qxg3 23. hxg3 Be7 24. Bb2 Ng4 25. f3 Ngf6 26. b4 Nxe4 27. Rxe4
Bf6 28. Bxf6 Nxf6 29. R4e3 Rac8 30. Kf2 Nd5 31. Rd3 a6 32. Ba4 Nc3 33. Bd7 Rc7
34. Bb5 Rd5 35. Rxd5 Nxd5 36. Bd3 Rc3 37. Rd1 Rxa3 38. Be4 Ra2+ 39. Kg1 Rb2 0-1

[Event "Madrid ch Veteranos 2015-2016"]
[Site "Madrid ESP"]
[Date "2016.01.20"]
[Round "8.4"]
[White "Lorenzo Bailador, Alfredo"]
[Black "Gonzalez Rivera, Eduardo"]
[Result "1-0"]
[WhiteElo "1951"]
[BlackElo "2059"]
[PlyCount "89"]
[EventDate "2016.01.11"]
[EventType "swiss"]
[EventRounds "9"]
[EventCountry "ESP"]
[Source "lmi"]
[SourceDate "2016.01.11"]

1. e4 e5 2. Nf3 Nc6 3. Bc4 Nf6 4. d4 exd4 5. e5 Ng4 6. Qe2 Qe7 7. Bf4 d6 8.
exd6 Qxe2+ 9. Bxe2 cxd6 10. Na3 Be6 11. Nb5 O-O-O 12. Nbxd4 Nxd4 13. Nxd4 Nf6
14. O-O-O a6 15. Rhe1 Bg4 16. Bg5 Bxe2 17. Rxe2 h6 18. Bxf6 gxf6 19. Nf5 Rg8
20. g3 h5 21. h3 Rg5 22. g4 hxg4 23. hxg4 Rg6 24. Rh1 d5 25. Rh7 Bd6 26. Nxd6+
Rxd6 27. Rxf7 Rd7 28. Ree7 Rxe7 29. Rxe7 Rh6 30. Rf7 Kb8 31. a4 a5 32. Kd2 Ka7
33. Kd3 Kb6 34. Kd4 Kc6 35. b3 b6 36. c3 Kd6 37. b4 axb4 38. cxb4 Kc6 39. a5
bxa5 40. bxa5 Kd6 41. a6 Ke6 42. a7 Rh8 43. Rb7 Ra8 44. Rb6+ Kf7 45. Ra6 1-0

[Event "Madrid ch Veteranos 2015-2016"]
[Site "Madrid ESP"]
[Date "2016.01.20"]
[Round "8.5"]
[White "Vukotic Jovsic, Dragan"]
[Black "Lopez Ziegler, Carlos"]
[Result "1/2-1/2"]
[WhiteElo "1947"]
[BlackElo "1933"]
[PlyCount "87"]
[EventDate "2016.01.11"]
[EventType "swiss"]
[EventRounds "9"]
[EventCountry "ESP"]
[Source "lmi"]
[SourceDate "2016.01.11"]

1. d4 c5 2. c3 e6 3. Bf4 Nf6 4. e3 b6 5. Nf3 Bb7 6. Nbd2 cxd4 7. exd4 Be7 8.
Bd3 d6 9. O-O O-O 10. Re1 Nbd7 11. a4 a6 12. Ng5 e5 13. Bg3 g6 14. Qe2 Nh5 15.
Nh3 f5 16. dxe5 Nxg3 17. hxg3 dxe5 18. Bc4+ Kg7 19. Nf4 Nc5 20. b4 Bf6 21. Nh5+
gxh5 22. bxc5 bxc5 23. Qxh5 Bc8 24. Rab1 Ra7 25. Red1 Qe8 26. Qf3 e4 27. Qe3
Qe5 28. Nb3 Rc7 29. Rd5 Qxc3 30. Rxc5 Rxc5 31. Qxc5 Qe5 32. Qa7+ Kg6 33. Bxa6
Bxa6 34. Qxa6 e3 35. Qe2 exf2+ 36. Qxf2 Bg5 37. Re1 Qc3 38. Re6+ Rf6 39. Rxf6+
Bxf6 40. Qf3 Qb4 41. a5 h5 42. Kh2 h4 43. gxh4 Qxh4+ 44. Kg1 1/2-1/2

[Event "Madrid ch Veteranos 2015-2016"]
[Site "Madrid ESP"]
[Date "2016.01.20"]
[Round "8.6"]
[White "Garcia Gutierrez, Jose"]
[Black "Gonzalez Mateos, Rafael"]
[Result "1/2-1/2"]
[WhiteElo "1907"]
[BlackElo "1986"]
[PlyCount "40"]
[EventDate "2016.01.11"]
[EventType "swiss"]
[EventRounds "9"]
[EventCountry "ESP"]
[Source "lmi"]
[SourceDate "2016.01.11"]

1. b3 d5 2. Bb2 c6 3. e3 Bf5 4. g3 e6 5. Bg2 Nf6 6. Nf3 h6 7. O-O Be7 8. d3
Nbd7 9. Nbd2 Qc7 10. Qe2 O-O-O 11. e4 dxe4 12. Nxe4 Rhg8 13. a3 Nxe4 14. dxe4
Bg4 15. b4 Bf6 16. Bxf6 Nxf6 17. Qe3 Kb8 18. Nd4 e5 19. Nb3 Rd6 20. f3 Bc8
1/2-1/2

[Event "Madrid ch Veteranos 2015-2016"]
[Site "Madrid ESP"]
[Date "2016.01.20"]
[Round "8.7"]
[White "Serrano Baylin, Francisco"]
[Black "Martin Rodriguez, Emilio"]
[Result "1/2-1/2"]
[WhiteElo "1988"]
[BlackElo "2142"]
[PlyCount "104"]
[EventDate "2016.01.11"]
[EventType "swiss"]
[EventRounds "9"]
[EventCountry "ESP"]
[Source "lmi"]
[SourceDate "2016.01.11"]

1. c4 c6 2. g3 d5 3. Bg2 Nf6 4. Nf3 g6 5. cxd5 cxd5 6. O-O Bg7 7. d4 O-O 8. Nc3
Ne4 9. Qb3 Nc6 10. e3 Nxc3 11. Qxc3 Bg4 12. Qb3 Na5 13. Qb4 Bxf3 14. Bxf3 e6
15. b3 b6 16. Ba3 Re8 17. Qd2 Qd7 18. Rac1 Bf8 19. Bxf8 Rxf8 20. Rc2 Rac8 21.
Rfc1 Nb7 22. Be2 Nd6 23. Ba6 Rxc2 24. Qxc2 Rd8 25. Qc7 Kf8 26. Qxd7 Rxd7 27. f3
Ke7 28. Kf2 Kd8 29. Bd3 Rc7 30. Rxc7 Kxc7 31. e4 Kc6 32. Ke3 f6 33. g4 Nf7 34.
h4 Kd6 35. Bb5 e5 36. exd5 Nh6 37. Bc4 exd4+ 38. Kxd4 f5 39. g5 Ng8 40. f4 Ne7
41. a4 a5 42. b4 axb4 43. Bb3 Nc8 44. Kc4 Kc7 45. Kxb4 Nd6 46. Kc3 Kd7 47. Bc2
Ke7 48. Bd3 Kd7 49. Kd4 Ke7 50. Bb5 Kf7 51. Ke5 Ke7 52. Bd3 Nf7+ 1/2-1/2

[Event "Madrid ch Veteranos 2015-2016"]
[Site "Madrid ESP"]
[Date "2016.01.20"]
[Round "8.8"]
[White "Viñas Lopez, Carlos"]
[Black "Martin Martin, Luis Vicente"]
[Result "0-1"]
[WhiteElo "1903"]
[BlackElo "1967"]
[PlyCount "68"]
[EventDate "2016.01.11"]
[EventType "swiss"]
[EventRounds "9"]
[EventCountry "ESP"]
[Source "lmi"]
[SourceDate "2016.01.11"]

1. d4 Nf6 2. Bg5 Ne4 3. Bf4 c5 4. f3 Qa5+ 5. c3 Nf6 6. Nd2 cxd4 7. Nb3 Qb6 8.
Qxd4 Qxd4 9. cxd4 d5 10. Rc1 Nc6 11. e3 a6 12. g4 Nd7 13. Ne2 e5 14. Bg3 f6 15.
Nc3 Nb6 16. Be2 Bd6 17. O-O O-O 18. Rfd1 Rd8 19. dxe5 Bxe5 20. f4 Bc7 21. Bf3
Ne7 22. Nxd5 Nbxd5 23. Rxc7 Bxg4 24. Rxd5 Nxd5 25. Bxd5+ Rxd5 26. Rxb7 Rb5 27.
Rxb5 axb5 28. a3 b4 29. axb4 Ra2 30. Nd4 Rxb2 31. b5 Bh3 32. f5 Kf7 33. Bc7
Rg2+ 34. Kh1 Rf2 0-1

[Event "Madrid ch Veteranos 2015-2016"]
[Site "Madrid ESP"]
[Date "2016.01.20"]
[Round "8.9"]
[White "Gil Sierra, Jacinto"]
[Black "Hernandez Garcia, Carlos"]
[Result "1-0"]
[WhiteElo "1938"]
[BlackElo "1747"]
[PlyCount "97"]
[EventDate "2016.01.11"]
[EventType "swiss"]
[EventRounds "9"]
[EventCountry "ESP"]
[Source "lmi"]
[SourceDate "2016.01.11"]

1. e4 c5 2. Nf3 d6 3. d4 cxd4 4. Nxd4 Nf6 5. Nc3 a6 6. h3 g6 7. g4 h6 8. Be3 e5
9. Nb3 Be6 10. Qd2 Nc6 11. g5 hxg5 12. Bxg5 Bxb3 13. axb3 Be7 14. O-O-O Nd4 15.
Bg2 Rc8 16. Be3 Ne6 17. Kb1 b5 18. f4 exf4 19. Bxf4 Nxf4 20. Qxf4 Nh5 21. Qf2
Bh4 22. Qd4 O-O 23. Bf3 Rxc3 24. Qxc3 Bf6 25. Qd2 Ng3 26. Rhg1 Be5 27. Qh6 Bg7
28. Qe3 Be5 29. Rd5 Qh4 30. Bg4 Bf4 31. Qxf4 Ne2 32. Qe3 Nxg1 33. Qxg1 Kh7 34.
Rxd6 Qe7 35. Qd4 Kg8 36. Rd7 Qh4 37. Qe3 Re8 38. e5 f5 39. Bxf5 Rf8 40. Qg1 Kh8
41. Rd4 Qh7 42. Bxg6 Qe7 43. e6 Rg8 44. Qg4 Rg7 45. Qh5+ Kg8 46. Bf7+ Rxf7 47.
exf7+ Kf8 48. Qh8+ Kxf7 49. Qh7+ 1-0

[Event "Madrid ch Veteranos 2015-2016"]
[Site "Madrid ESP"]
[Date "2016.01.20"]
[Round "8.10"]
[White "Fernandez Garcia, Ignacio"]
[Black "Pashov, Spas Nikolov"]
[Result "0-1"]
[WhiteElo "1875"]
[BlackElo "1722"]
[PlyCount "72"]
[EventDate "2016.01.11"]
[EventType "swiss"]
[EventRounds "9"]
[EventCountry "ESP"]
[Source "lmi"]
[SourceDate "2016.01.11"]

1. e4 e5 2. Nf3 Nc6 3. Bc4 Bc5 4. Nc3 d6 5. h3 Nf6 6. d3 h6 7. Be3 Bb6 8. a3
O-O 9. g4 Nh7 10. g5 hxg5 11. Qd2 g4 12. hxg4 Bxg4 13. Nh4 Nd4 14. Bxd4 Bxd4
15. f3 Be6 16. O-O-O Qg5 17. Ne2 Be3 18. f4 Bxd2+ 19. Kxd2 exf4 20. Rdg1 Qf6
21. Nf5 Bxf5 22. exf5 Qxf5 23. Rf1 d5 24. Bb3 g5 25. Rf3 c6 26. c3 Rfe8 27. Nd4
Qg4 28. Rfh3 Nf6 29. Bd1 Qxh3 30. Rxh3 Kg7 31. Rh1 Kg6 32. Rg1 Nh5 33. Nf3 Ng3
34. d4 f6 35. Nh2 Rh8 36. Rg2 Rxh2 0-1

[Event "Madrid ch Veteranos 2015-2016"]
[Site "Madrid ESP"]
[Date "2016.01.20"]
[Round "8.11"]
[White "Serrano Garcia, Vicente"]
[Black "Campos Calvo-Sotelo, Juan"]
[Result "1/2-1/2"]
[WhiteElo "1802"]
[BlackElo "1849"]
[PlyCount "101"]
[EventDate "2016.01.11"]
[EventType "swiss"]
[EventRounds "9"]
[EventCountry "ESP"]
[Source "lmi"]
[SourceDate "2016.01.11"]

1. d4 b5 2. e4 a6 3. Nf3 e6 4. a3 c5 5. dxc5 Bxc5 6. b4 Be7 7. Bb2 Nf6 8. Nbd2
Bb7 9. Bd3 Nc6 10. O-O Rc8 11. Re1 d5 12. exd5 Qxd5 13. Qe2 O-O 14. c4 bxc4 15.
Nxc4 Qh5 16. Nb6 Rcd8 17. Bxa6 Bxa6 18. Qxa6 g5 19. Qb5 g4 20. Qxh5 Nxh5 21.
Ne5 Nxe5 22. Bxe5 Nf6 23. Red1 Ne4 24. Rd4 Rxd4 25. Bxd4 Rd8 26. Be3 Bf6 27.
Rc1 Bb2 28. Rc8 Rxc8 29. Nxc8 Bxa3 30. b5 Nd6 31. Nxd6 Bxd6 32. Ba7 Kf8 33. Kf1
Ke7 34. Ke2 Kd7 35. g3 Kc7 36. f4 Kb7 37. Bd4 Be7 38. Kd3 Bd8 39. Ke4 Bc7 40.
f5 h5 41. fxe6 fxe6 42. Bc5 Bb8 43. Be3 Bd6 44. Kd4 Kb6 45. Kc4+ Kb7 46. Bc5
Be5 47. Be7 Bc7 48. Kc5 Bb6+ 49. Kd6 Bg1 50. Kxe6 Bxh2 51. Bh4 1/2-1/2

[Event "Madrid ch Veteranos 2015-2016"]
[Site "Madrid ESP"]
[Date "2016.01.20"]
[Round "8.12"]
[White "Martinez Carrasco, Jesus"]
[Black "Lopez Peral, Enrique"]
[Result "0-1"]
[WhiteElo "1561"]
[BlackElo "1827"]
[PlyCount "104"]
[EventDate "2016.01.11"]
[EventType "swiss"]
[EventRounds "9"]
[EventCountry "ESP"]
[Source "lmi"]
[SourceDate "2016.01.11"]

1. d4 e6 2. c4 Nf6 3. Nc3 d5 4. e3 c5 5. Nf3 Nc6 6. cxd5 Nxd5 7. Be2 cxd4 8.
Nxd4 Nxc3 9. bxc3 Bd7 10. O-O Be7 11. Qc2 Rc8 12. Rd1 a6 13. Bd3 Nb4 14. Qb3
Nxd3 15. Rxd3 Qc7 16. Bb2 O-O 17. Ba3 Bxa3 18. Qxa3 Rfd8 19. Rad1 Be8 20. Ne2
Rxd3 21. Rxd3 Bb5 22. Rd2 Bxe2 23. Rxe2 Qxc3 24. Qxc3 Rxc3 25. g3 Ra3 26. Rd2
g6 27. h4 h5 28. Kg2 Kg7 29. Kf3 Kf6 30. Ke2 b5 31. f3 b4 32. f4 a5 33. Kf2 Rc3
34. Kf3 a4 35. Rb2 b3 36. axb3 Rxb3 37. Ra2 a3 38. Ke4 Ke7 39. Rc2 Kf6 40. Rc4
Rb1 41. Ra4 Ra1 42. Kf3 Ke7 43. e4 Kd6 44. e5+ Kd5 45. Kg2 Kc5 46. Ra7 Kb4 47.
Rb7+ Kc3 48. Rxf7 Rb1 49. Rc7+ Kb3 50. Rb7+ Ka2 51. Re7 Rb6 52. Ra7 Kb2 0-1

[Event "Madrid ch Veteranos 2015-2016"]
[Site "Madrid ESP"]
[Date "2016.01.20"]
[Round "8.13"]
[White "Rodriguez Bernal, Herman"]
[Black "Lopez Heras, Arturo"]
[Result "1/2-1/2"]
[WhiteElo "1768"]
[BlackElo "1809"]
[PlyCount "21"]
[EventDate "2016.01.11"]
[EventType "swiss"]
[EventRounds "9"]
[EventCountry "ESP"]
[Source "lmi"]
[SourceDate "2016.01.11"]

1. d4 Nf6 2. c4 g6 3. Nc3 Bg7 4. Nf3 O-O 5. e4 d6 6. Be2 e5 7. d5 Nbd7 8. Bg5
h6 9. Bxf6 Nxf6 10. h3 Nh5 11. g3 1/2-1/2

[Event "Madrid ch Veteranos 2015-2016"]
[Site "Madrid ESP"]
[Date "2016.01.20"]
[Round "8.14"]
[White "Martinez Miura, Enrique"]
[Black "Caballero Cuno, Jose Domingo"]
[Result "0-1"]
[WhiteElo "1646"]
[BlackElo "1914"]
[PlyCount "56"]
[EventDate "2016.01.11"]
[EventType "swiss"]
[EventRounds "9"]
[EventCountry "ESP"]
[Source "lmi"]
[SourceDate "2016.01.11"]

1. Nf3 Nf6 2. g3 d5 3. d4 Bf5 4. Bg2 e6 5. O-O Be7 6. c4 c6 7. Nbd2 Nbd7 8. b3
Ne4 9. Nxe4 Bxe4 10. Nd2 Bxg2 11. Kxg2 h5 12. Qc2 Nf6 13. Bb2 Qd7 14. e4 dxe4
15. Nxe4 h4 16. Rad1 hxg3 17. hxg3 O-O-O 18. Rh1 Ng4 19. Qe2 Nh6 20. d5 Bf8 21.
dxe6 Qxe6 22. Rxd8+ Kxd8 23. Rd1+ Kc7 24. Qd3 Be7 25. Qf3 Nf5 26. Qf4+ Kc8 27.
Be5 g5 28. Nxg5 Bxg5 0-1

[Event "Madrid ch Veteranos 2015-2016"]
[Site "Madrid ESP"]
[Date "2016.01.20"]
[Round "8.16"]
[White "Canseco Arenas, Alfonso"]
[Black "Sotoca Aguado, Jose"]
[Result "0-1"]
[WhiteElo "1690"]
[BlackElo "1952"]
[PlyCount "112"]
[EventDate "2016.01.11"]
[EventType "swiss"]
[EventRounds "9"]
[EventCountry "ESP"]
[Source "lmi"]
[SourceDate "2016.01.11"]

1. c4 Nf6 2. Nc3 e5 3. g3 Nc6 4. Bg2 Be7 5. d3 O-O 6. e4 d6 7. Nge2 a6 8. O-O
Rb8 9. a4 Bg4 10. h3 Bd7 11. f4 Nb4 12. f5 Ne8 13. Be3 Bg5 14. Bf2 c5 15. h4
Be7 16. Be3 Nc7 17. Qd2 Nc6 18. Qd1 Nd4 19. Bd2 b5 20. axb5 axb5 21. b3 Ra8 22.
Nxd4 cxd4 23. Ne2 Qb8 24. Qc2 Qb6 25. Kh2 Na6 26. Ba5 Qb7 27. b4 Rfc8 28. Ng1
Bc6 29. Qe2 Bd8 30. Bxd8 Rxd8 31. f6 Bd7 32. Qd2 Nc7 33. Qg5 Ne8 34. fxg7 Be6
35. Nh3 f6 36. Qd2 bxc4 37. dxc4 Bxc4 38. Rxa8 Rxa8 39. Rc1 Ra2 40. Qe1 Re2 41.
Qf1 Bb5 42. Qf5 Bd7 43. Qf3 Re3 44. Qf2 Kxg7 45. Rb1 Qb5 46. h5 Re2 47. Qf3 d3
48. Nf2 Qb6 49. Rf1 Re3 50. Qd1 Qxb4 51. Ng4 Rxe4 52. Bxe4 Qxe4 53. Nf2 Qf5 54.
g4 Qf4+ 55. Kg2 Bc6+ 56. Kg1 Qg3# 0-1

[Event "Madrid ch Veteranos 2015-2016"]
[Site "Madrid ESP"]
[Date "2016.01.20"]
[Round "8.17"]
[White "Marcos Herrero, Francisco"]
[Black "Ramos Antona, Enrique"]
[Result "1-0"]
[WhiteElo "1982"]
[BlackElo "1585"]
[PlyCount "79"]
[EventDate "2016.01.11"]
[EventType "swiss"]
[EventRounds "9"]
[EventCountry "ESP"]
[Source "lmi"]
[SourceDate "2016.01.11"]

1. d4 d5 2. c4 c6 3. Nf3 Nf6 4. g3 Bg4 5. Bg2 e6 6. Qb3 Qb6 7. O-O Be7 8. Nc3
O-O 9. h3 Bf5 10. c5 Qxb3 11. axb3 Nbd7 12. b4 Ne4 13. g4 Nxc3 14. bxc3 Be4 15.
Bf4 f5 16. g5 Rf7 17. Kh2 Bxf3 18. exf3 a6 19. Rfe1 Nf8 20. Kg3 Re8 21. Re3 Ng6
22. Rae1 Nxf4 23. Kxf4 Bd8 24. R3e2 Bc7+ 25. Ke3 Rfe7 26. f4 Kf7 27. h4 a5 28.
Ra1 axb4 29. cxb4 b6 30. Ra6 Rb8 31. Rea2 bxc5 32. bxc5 Rb3+ 33. Ke2 Bxf4 34.
Rxc6 Reb7 35. Raa6 Bh2 36. Rxe6 Rb2+ 37. Ke3 Bg1 38. Reb6 Rxf2 39. Kd3 Rb2 40.
Rxb7+ 1-0

[Event "Madrid ch Veteranos 2015-2016"]
[Site "Madrid ESP"]
[Date "2016.01.20"]
[Round "8.18"]
[White "Garcia Martin, Esteban"]
[Black "Fernandez Bujarrabal, Pedro V"]
[Result "0-1"]
[WhiteElo "1894"]
[BlackElo "1582"]
[PlyCount "92"]
[EventDate "2016.01.11"]
[EventType "swiss"]
[EventRounds "9"]
[EventCountry "ESP"]
[Source "lmi"]
[SourceDate "2016.01.11"]

1. c4 Nf6 2. Nc3 e5 3. g3 d5 4. cxd5 Nxd5 5. Bg2 Be6 6. Nf3 f6 7. O-O Be7 8. e4
Nxc3 9. bxc3 c6 10. d4 exd4 11. cxd4 O-O 12. Qc2 Na6 13. a3 Nc7 14. Bb2 Qd7 15.
Rfd1 Rac8 16. Nh4 g6 17. f4 Kg7 18. Nf3 Qe8 19. h4 Qf7 20. Qf2 a6 21. Kh2 Rcd8
22. Rd2 Rd7 23. d5 cxd5 24. Ng5 Qg8 25. Nxe6+ Nxe6 26. exd5 Nc7 27. Rad1 Rfd8
28. Qf3 Bd6 29. f5 Rf7 30. fxg6 hxg6 31. Bh3 Qh8 32. Kg2 Qe8 33. Re2 Qa4 34.
Rf1 Ne8 35. Re6 Qb5 36. Bxf6+ Nxf6 37. Rxf6 Qb2+ 38. Kh1 Rxf6 39. Qd3 Rxf1+ 40.
Bxf1 Qe5 41. Kg2 Rf8 42. h5 Qxg3+ 43. Qxg3 Bxg3 44. Bd3 Bd6 45. hxg6 Bxa3 46.
Be4 b5 0-1

[Event "Madrid ch Veteranos 2015-2016"]
[Site "Madrid ESP"]
[Date "2016.01.20"]
[Round "8.19"]
[White "Veuthey Martinez, Eloy"]
[Black "Camarero Izquierdo, Juan Carlos"]
[Result "0-1"]
[WhiteElo "1536"]
[BlackElo "1861"]
[PlyCount "54"]
[EventDate "2016.01.11"]
[EventType "swiss"]
[EventRounds "9"]
[EventCountry "ESP"]
[Source "lmi"]
[SourceDate "2016.01.11"]

1. d4 f5 2. Nf3 Nf6 3. Bf4 e6 4. e3 b6 5. Bd3 Bb7 6. h3 Nc6 7. a3 Ne7 8. c4 Ne4
9. Nbd2 Nxd2 10. Qxd2 Bxf3 11. gxf3 Ng6 12. e4 Nh4 13. O-O-O Be7 14. Qe3 O-O
15. Rhg1 c5 16. exf5 cxd4 17. Qxd4 Bf6 18. Qe3 Nxf5 19. Bxf5 exf5 20. Bd6 Re8
21. Qd3 Rc8 22. Qxf5 Re2 23. Qd5+ Kh8 24. Bg3 Rxb2 25. Be5 Rxf2 26. Rd2 Rxd2
27. Kxd2 Rc5 0-1

[Event "Madrid ch Veteranos 2015-2016"]
[Site "Madrid ESP"]
[Date "2016.01.20"]
[Round "8.20"]
[White "Salgado Duarte, Pablo"]
[Black "Losada Gonzalez, Andres"]
[Result "0-1"]
[WhiteElo "1518"]
[BlackElo "1789"]
[PlyCount "115"]
[EventDate "2016.01.11"]
[EventType "swiss"]
[EventRounds "9"]
[EventCountry "ESP"]
[Source "lmi"]
[SourceDate "2016.01.11"]

1. d4 d5 2. c4 e6 3. Nc3 Nf6 4. Nf3 Nbd7 5. cxd5 exd5 6. Bg5 Be7 7. e3 c6 8.
Bd3 O-O 9. Qc2 Re8 10. O-O Nf8 11. Rfe1 g6 12. e4 dxe4 13. Nxe4 Be6 14. h3 Bd5
15. Nxf6+ Bxf6 16. Rxe8 Qxe8 17. Bxf6 Qe6 18. Be5 Bxf3 19. gxf3 Qxh3 20. Bg3 h5
21. Bf1 Qd7 22. Rd1 Ne6 23. Bh3 Qd5 24. Bxe6 Qxe6 25. b3 Re8 26. Be5 Qh3 27.
Qe4 Qe6 28. Qf4 Kh7 29. Kg2 g5 30. Qe4+ f5 31. Qd3 Kg6 32. Re1 a6 33. Re3 Qd7
34. Qc2 Qf7 35. Bd6 Re6 36. Rxe6+ Qxe6 37. Be5 Qg8 38. Qc5 Qe6 39. Qf8 Qf7 40.
Qd6+ Kh7 41. Qb8 Qd7 42. Qh8+ Kg6 43. Qg8+ Kh6 44. Bf6 b5 45. Qxg5+ Kh7 46.
Qxh5+ Kg8 47. Qh8+ Kf7 48. Qg7+ Ke6 49. Qxd7+ Kxd7 50. Kg3 Ke6 51. Be5 c5 52.
Kf4 c4 53. bxc4 bxc4 54. a4 Kd5 55. Kxf5 c3 56. Bf4 Kxd4 57. Bc1 Kc4 58. Ke4
0-1

[Event "Madrid ch Veteranos 2015-2016"]
[Site "Madrid ESP"]
[Date "2016.01.20"]
[Round "8.22"]
[White "Suarez Mencia, Roberto"]
[Black "Rodriguez Bachiller, Luis"]
[Result "0-1"]
[WhiteElo "1454"]
[BlackElo "1660"]
[PlyCount "60"]
[EventDate "2016.01.11"]
[EventType "swiss"]
[EventRounds "9"]
[EventCountry "ESP"]
[Source "lmi"]
[SourceDate "2016.01.11"]

1. c4 c6 2. g3 d5 3. cxd5 cxd5 4. Bg2 Nf6 5. e3 e5 6. Ne2 Nc6 7. d4 Bb4+ 8. Bd2
Bxd2+ 9. Nxd2 e4 10. a3 O-O 11. O-O Re8 12. Rc1 Bg4 13. Qe1 Rc8 14. Nf4 Qd7 15.
f3 exf3 16. Nxf3 Qe7 17. h3 Bf5 18. Ne5 Nxe5 19. Rxc8 Rxc8 20. Nxd5 Nxd5 21.
Rxf5 Nd3 22. Qa5 Nxe3 23. Rb5 b6 24. Qd2 Rc2 25. Qxd3 Rxg2+ 26. Kh1 Rxg3 27.
Re5 Qd7 28. Qd2 Rxh3+ 29. Qh2 Rxh2+ 30. Kxh2 Ng4+ 0-1

[Event "Madrid ch Veteranos 2015-2016"]
[Site "Madrid ESP"]
[Date "2016.01.20"]
[Round "8.23"]
[White "Alvarez Escudero, Manuel"]
[Black "Cortijo Manso, Luis"]
[Result "1-0"]
[WhiteElo "1820"]
[BlackElo "1508"]
[PlyCount "45"]
[EventDate "2016.01.11"]
[EventType "swiss"]
[EventRounds "9"]
[EventCountry "ESP"]
[Source "lmi"]
[SourceDate "2016.01.11"]

1. e4 e6 2. Nf3 d5 3. exd5 exd5 4. d4 Bd6 5. h3 Nf6 6. Bg5 Nbd7 7. Bd3 Qe7+ 8.
Qe2 Qxe2+ 9. Bxe2 Ne4 10. Be3 Ndf6 11. Nbd2 Bf5 12. O-O-O O-O-O 13. Bd3 h6 14.
g4 Bd7 15. Ne5 Rhf8 16. Nxd7 Rxd7 17. f3 Ng3 18. Rhg1 Re7 19. Rde1 Kb8 20. Kd1
Rfe8 21. Bf2 g5 22. Rxe7 Rxe7 23. Bxg3 1-0

[Event "Madrid ch Veteranos 2015-2016"]
[Site "Madrid ESP"]
[Date "2016.01.20"]
[Round "8.24"]
[White "Arroyo Fraile, Mario"]
[Black "Benitez Cadenas, Luis Miguel"]
[Result "1/2-1/2"]
[WhiteElo "1530"]
[BlackElo "1681"]
[PlyCount "120"]
[EventDate "2016.01.11"]
[EventType "swiss"]
[EventRounds "9"]
[EventCountry "ESP"]
[Source "lmi"]
[SourceDate "2016.01.11"]

1. c4 c6 2. Nc3 d5 3. cxd5 cxd5 4. d4 Nf6 5. g3 Bf5 6. Bg2 e6 7. Nf3 h6 8. O-O
Nc6 9. a3 Bd6 10. e3 Qb6 11. b4 O-O 12. Re1 Ne4 13. Bb2 a5 14. b5 Nxc3 15. Bxc3
Qxb5 16. Bf1 Qb6 17. Ra2 Qc7 18. a4 Nb4 19. Bxb4 Bxb4 20. Ree2 Rac8 21. Nd2 Qc1
22. Qxc1 Rxc1 23. e4 dxe4 24. Kg2 Rfc8 25. Nxe4 Rd1 26. Re3 Rxd4 27. f3 Bxe4
28. fxe4 e5 29. Bb5 Rc1 30. Ree2 Rdd1 31. Rac2 Rxc2 32. Rxc2 Rd2+ 33. Rxd2 Bxd2
34. Kf3 h5 35. h3 g6 36. Ke2 Bc3 37. Kf3 f5 38. Bd7 fxe4+ 39. Kxe4 Kf7 40. g4
Ke7 41. Bb5 Ke6 42. gxh5 gxh5 43. Bc4+ Kd6 44. Bb5 Kc5 45. Be8 h4 46. Bb5 Kd6
47. Be8 Ke6 48. Bb5 Kf6 49. Bd7 Ke7 50. Bb5 Kd6 51. Be8 Kc5 52. Bb5 Bb2 53. Be8
Kc4 54. Bb5+ Kb3 55. Be8 Kc2 56. Bd7 Kd2 57. Be6 Ke2 58. Bc8 b6 59. Bd7 Kf2 60.
Bc6 Bd4 1/2-1/2